000 00390nam a2200145 i 4500
001 bg
100 1 _aSOKOLNIKOFF, J. S.
245 0 _aTensor Analysis :
_btheory and Applications to Geometry and Mechanics of Continua /
_cJ.S. Sokolnikoff.
250 _aEd.2.
260 _aNew York,
_c1964.
040 _cBPK
041 _apol
942 _cKS
008 s pl f |000 0 pol
999 _c26302
_d26302
856 _uhttp://koha.tu.koszalin.pl/cgi-bin/koha/opac-detail.pl?biblionumber=26302
_yKatalog online BPK